| 000 | 00593nam a2200193 a 4500 | ||
|---|---|---|---|
| 001 | 8106 | ||
| 003 | CO-ViMGA | ||
| 008 | 141112s2004 ck r 000 u spa d | ||
| 020 | _a9586390993 | ||
| 040 |
_aCO-ViMGA _bspa _cCO-ViMGA |
||
| 082 | 0 | 4 | _a927 O17o |
| 100 | 1 |
_aObregon, Pedro _97804 |
|
| 245 | 1 | 0 |
_aObregon, siempre fue un genio? / _cObregon Pedro |
| 260 |
_aSantafé de Bogotá, _cGrijalbo, _c1994 |
||
| 300 | _a151 p. | ||
| 590 | _aForma de adquisición : DONACION - - Proveedor : BIBLIOTECA LUIS Ángel ARANGO | ||
| 650 | 1 | 4 |
_aOBREGON, ALEJANDRO, 1920 - 1992 _97805 |
| 942 |
_2ddc _cBK |
||
| 999 |
_c19921 _d19921 |
||